| 000 | 01569nam a2200253Ia 4500 | ||
|---|---|---|---|
| 999 |
_c52436 _d52436 |
||
| 001 | 19458 | ||
| 003 | GE_BSU | ||
| 005 | 20251029154045.0 | ||
| 008 | 181216s1954||||ge |||||||||||||| ||geo|| | ||
| 040 | _cGE_BSU | ||
| 041 | _ageo | ||
| 080 | _a811.352.2'282 ლ-81 | ||
| 100 |
_aლომთათიძე, ქეთევან _926128 |
||
| 245 |
_aაშხარული დიალექტი და მისი ადგილი სხვა აფხაზურ-აბაზურ დიალექტთა შორის : _bტექსტებითურთ / _cქეთევან ლომთათიძე; საქ. სსრ მეცნ. აკად., ენათმეცნიერების ინ-ტი. |
||
| 264 |
_aთბ. : _bსაქ. სსრ მეცნ. აკად. გამ-ბა და სტ., _c1954. |
||
| 300 |
_a350 გვ.; _b25 სმ. |
||
| 300 | _bგაშლილი თავფურც. რუს. ენაზე. - ბიბლიოგრ. შენიშვნებში. - გაშლილი თავფურცელი. | ||
| 504 | _aბიბლიოგრ. შენიშვნებში. | ||
| 541 | _h3ლ. | ||
| 653 | _aაფხაზური ენის დიალექტები | ||
| 700 |
_aჩიქობავა, არნოლდ _eრედაქტორი _91234 |
||
| 856 |
_uhttps://dspace.nplg.gov.ge/bitstream/1234/434741/1/AshxaruliDialeqtiDaMisiAdgiliSxvaAfxazurAbazurDialeqttaShoris.pdf _yელ. ვერსია |
||
| 942 |
_cBK _2udc |
||